Applied calculus for business, economics and finance
| Main Authors: | , , |
|---|---|
| Format: | Section = Libro |
| Language: | Undetermined Spanish |
| Published: |
United States
Pearson Educación
2006
|
| Subjects: |
| LEADER | 00679nam a2200241Ia 4500 | ||
|---|---|---|---|
| 008 | 240829s9999 xx 000 0 und d | ||
| 020 | |a 0-536-27880-6 | ||
| 040 | |a BIBLIOTECA-RUSB/ 515 G665 | ||
| 041 | |a spa | ||
| 082 | |a 515 G665 | ||
| 100 | 1 | |a Gordon, Warren B. | |
| 100 | 1 | |b Wang, Walter O | |
| 100 | 1 | |c Allen Materowski, April | |
| 245 | 1 | 0 | |a Applied calculus for business, economics and finance |
| 260 | |a United States |b Pearson Educación |c 2006 | ||
| 300 | |a 690 p. :il. | ||
| 650 | 7 | |a CALCULO | |
| 650 | 7 | |b ECUACIONES LINEALES | |
| 650 | 7 | |c FUNCIONES CUADRATICAS | |
| 650 | 7 | |d MATEMATICAS - APLICACIONES ECONOMICAS | |
| 942 | |c BK |2 ddc | ||
| 991 | |a TEXTO | ||
| 999 | |c 1574 | ||